000 00872nam a22003017a 4500
001 0057864
003 KOHA_MİRAKIL
005 20260207004134.0
007 ta
008 160517b2009 tu |||gr||||#0|||1|tur |
020 _a9757076090
040 _aTR-BiSEU
_btur
_cTR-BiSEU
_erda
041 0 _atur
044 _ctu
050 _aPG1918.B33
_bF43 2009
100 1 _aBartol, Vladimir.
245 1 _aFedailerin kalesi Alamut/
_cVladimir Bartol ; Wladimir Bartol; çeviren Atilla Dirim.
250 _a2. bs.
264 1 _aAnkara :
_bYurt Kitap-Yayın
_c2009
300 _a512 sayfa; 23 cm.
336 _ametin
_btxt
_2rdacontent
337 _aaracısız
_bn
_2rdamedia
338 _acilt
_bnc
_2rdacarrier
650 0 _aROMANLAR, ÇEVİRİLER--YUGOSLAV.
_946110
650 0 _aFictions, Translation--Yugoslavian.
_946111
907 _aDin
942 _2lcc
_cBK
999 _c57669
_d57669